000 00557nam a2200181 4500
999 _c196587
_d196587
005 20230817125830.0
010 _aENG-137428
020 _c220.00
_a9789352836062
035 _aEN-120960
037 _bDBAD/PUB
082 _a000
100 _aCHAND, S
245 _aIBPS Institute of Banking Personal Selection:
_bCRP-CLERK-VIII Online Preliminary Examination /
_cS. CHAND
260 _aDELHI
_bS. CHAND
_c2018
270 _a7361, RAM NAGAR, QUTAB ROAD
_bNEW DELHI
_e110055
300 _a320p.
_c27cm(pbk)
942 _2ddc
_cEN
_h000
_mCHA